000 01052nam a2200229 a 4500
001 32876
003 BD-RjUL
005 20211209051917.0
008 181008s1953 nju 100 0 eng d
035 _a(BD-RjUL)32966
040 _aDLC
_cOAU
_dDLC
_dBD-RjUL
_beng
041 _aeng
082 0 4 _a953
_bCOC 1953
_223
111 2 _aColloquium on Islamic Culture in its Relation to the Contemporary World,
_d(1953:
_cPrinceton, N.J., and Washington, D.C.)
_9223370
245 1 0 _aColloquium on Islamic Culture in its Relation to the Contemporary World, September, 1953 /
_cColloquium on Islamic Culture in its Relation to the Contemporary World, Princeton, N.J., and Washington, D.C., 1953
260 _aPrinceton :
_bPrintigon University Press,
_c1953.
300 _a127 p. :
_bill. ;
_c28 cm.
500 _a"Contains the program of the Colloquium, summaries of the introductory addresses, and a list of the scholars who took part in the conference."
650 0 _aIslamic civilization
_vCongresses.
_999910
942 _2ddc
_cRAR
999 _c32876
_d32876